Loading...
| Mythology | 0 | 7 | 0 | 1 | 70 | 36 | 80.00 | 0 | 3 |
| Philosophy | 0 | 5 | 1 | 2 | 45 | 111 | 122.00 | 0 | 1 |
| Literature - American Literature | 0 | 4 | 0 | 2 | 40 | 115 | 134.25 | 0 | 0 |
| Science - Other Science | 0 | 4 | 1 | 1 | 35 | 48 | 84.75 | 0 | 3 |
| Social Science | 0 | 3 | 0 | 1 | 30 | 72 | 98.67 | 0 | 1 |
| Fine Arts - Other Fine Arts | 0 | 1 | 0 | 0 | 10 | 119 | 119.00 | 0 | 1 |
| History - American History | 0 | 1 | 0 | 1 | 10 | 119 | 119.00 | 0 | 0 |
| History - European History | 0 | 1 | 0 | 1 | 10 | 124 | 124.00 | 0 | 0 |
| History - Other History | 0 | 1 | 0 | 0 | 10 | 127 | 127.00 | 0 | 0 |
| Literature - World Literature | 0 | 1 | 0 | 1 | 10 | 125 | 125.00 | 0 | 0 |
| Literature - British Literature | 0 | 0 | 0 | 0 | 0 | 0.00 | 0 | 0 | |
| Science - Physics | 0 | 1 | 2 | 1 | 0 | 114 | 114.00 | 0 | 0 |
| Fine Arts - Painting and Sculpture | 0 | 0 | 0 | 0 | 0 | 0.00 | 0 | 0 |